[Event "SVK-chT4 A21 1617"]
[Site "Slovakia"]
[Date "2016.10.23"]
[Round "2.5"]
[White "Ganz, Marek"]
[Black "Klimes, Juraj"]
[Result "0-1"]
[WhiteElo "1479"]
[BlackElo "1556"]
[PlyCount "138"]
[EventDate "2016.10.09"]
[EventType "team-tourn"]
[EventRounds "11"]
[EventCountry "SVK"]
[SourceTitle "CBM 175 Extra"]
[Source "ChessBase"]
[SourceDate "2016.12.12"]
[SourceVersion "1"]
[SourceVersionDate "2016.12.12"]
[SourceQuality "1"]
[WhiteTeam "Trnava Lokomotiva Jun"]
[BlackTeam "Stefanov"]
[WhiteTeamCountry "SVK"]
[BlackTeamCountry "SVK"]

1. e4 e5 2. Nf3 Nc6 3. Bc4 Nf6 4. Nc3 d6 5. h3 Be7 6. d3 Be6 7. Bxe6 fxe6 8. 0-0 0-0 9. Re1 Nd4 10. Bd2 Qd7 11. Kh1 Rad8 12. Re3 Nh5 13. Rc1 Rf7 14. Be1 Rdf8 15. Nd2 Nf4 16. Rg3 Bh4 17. Re3 Ng6 18. Ne2 Bxf2 19. Bxf2 Rxf2 20. Nxd4 exd4 21. Rg3 e5 22. Nf3 Nf4 23. Ng1 Qf7 24. b3 Nh5 25. Rg5 Nf4 26. Qe1 Qf6 27. Rf5 Qh4 28. Nf3 Qg3 29. Rg5 Nxg2 30. Rxg3 Nxe1 31. Nxe1 Rf1+ 32. Rg1 R1f2 33. h4 R8f4 34. Ng2 R4f3 35. Kh2 Rd2 36. h5 Rff2 37. Kg3 Rxc2 38. Rxc2 Rxc2 39. Ra1 Rd2 40. Ne1 c5 41. Kg4 Kf7 42. Kg5 h6+ 43. Kf5 Rf2+ 44. Kg4 g5 45. hxg6+ Kxg6 46. Nf3 b5 47. Nh4+ Kf6 48. Kh5 Rd2 49. Rf1+ Ke6 50. Rg1 Rxd3 51. Rg7 Re3 52. Rg4 d3 53. Nf5 Rh3+ 54. Kg6 c4 55. bxc4 bxc4 56. Rg2 c3 57. Rf2 c2 58. Ng7+ Kd7 59. Rf7+ Kc6 60. Ne6 d2 61. Rc7+ Kb6 62. Rxc2 d1Q 63. Rb2+ Ka5 64. Kf6 Qf3+ 65. Ke7 Qxe4 66. Kd7 Rc3 67. Rb1 Qh7+ 68. Ke8 Rc8+ 69. Nd8 Rxd8+ 0-1

[Event "Oravska Priehrada op"]
[Site "Oravska Priehrada"]
[Date "2016.08.27"]
[Round "2"]
[White "Ganz, Marek"]
[Black "Boba, Kristian"]
[Result "1-0"]
[WhiteElo "1553"]
[BlackElo "1004"]
[PlyCount "41"]
[EventDate "2016.08.26"]
[EventType "swiss"]
[EventRounds "7"]
[EventCountry "SVK"]
[SourceTitle "CBM 174 Extra"]
[Source "ChessBase"]
[SourceDate "2016.10.10"]
[SourceVersion "1"]
[SourceVersionDate "2016.10.10"]
[SourceQuality "1"]

1. e4 e5 2. Nf3 Nc6 3. Bc4 h6 4. d4 exd4 5. Nxd4 Nxd4 6. Qxd4 Nf6 7. e5 Nh7 8. Nc3 b6 9. Qd5 Qe7 10. Qxa8 Kd8 11. Ba6 Qxe5+ 12. Be3 Ke7 13. Bxc8 Ke6 14. Bxd7+ Kd6 15. 0-0-0+ Ke7 16. Qe8+ Kf6 17. Nd5+ Qxd5 18. Rxd5 Kg6 19. Bf5+ Kh5 20. Qxf7+ Kh4 21. g3# 1-0

[Event "SVK-ch U12"]
[Site "Liptovsky Mikulas"]
[Date "2016.04.20"]
[Round "6"]
[White "Brnusak, Tomas"]
[Black "Ganz, Marek"]
[Result "1/2-1/2"]
[WhiteElo "1615"]
[BlackElo "1510"]
[PlyCount "129"]
[EventDate "2016.04.16"]
[EventType "swiss"]
[EventRounds "9"]
[EventCountry "SVK"]
[SourceTitle "CBM 172 Extra"]
[Source "ChessBase"]
[SourceDate "2016.06.21"]
[SourceVersion "1"]
[SourceVersionDate "2016.06.21"]
[SourceQuality "1"]

1. e4 e5 2. Nf3 Nc6 3. Bc4 Bc5 4. c3 d6 5. a4 a5 6. d3 h6 7. 0-0 Bg4 8. h3 Bh5 9. Nbd2 Qd7 10. Qb3 b6 11. Bb5 Ke7 12. d4 exd4 13. cxd4 Bxd4 14. Bxc6 Bxf2+ 15. Rxf2 Qxc6 16. Qd5 Qxd5 17. exd5 Nf6 18. g4 Bg6 19. Nh4 Bc2 20. Nf5+ Bxf5 21. Rxf5 g6 22. Rxf6 Kxf6 23. b4 Ke7 24. Bb2 Rhe8 25. bxa5 Rxa5 26. Ne4 f5 27. Nf6 Rf8 28. Nh7 Rf7 29. Re1+ Kd7 30. Nf6+ Kc8 31. Re8+ Kb7 32. Rg8 fxg4 33. hxg4 g5 34. Rg6 Rxa4 35. Rxh6 Rg7 36. Ne8 Rxg4+ 37. Kf2 Re7 38. Re6 Rh7 39. Re2 Rh2+ 40. Kf1 Rf4+ 41. Ke1 Rxe2+ 42. Kxe2 Re4+ 43. Kf3 Rxe8 44. Bc1 Re5 45. Bd2 Rxd5 46. Be3 b5 47. Kf2 b4 48. Bc1 b3 49. Ke1 c5 50. Bb2 c4 51. Ke2 Rd3 52. Ba3 c3 53. Kxd3 b2 54. Kc2 d5 55. Bb4 Kb6 56. Bxc3 Kc5 57. Kxb2 Kc4 58. Kc2 d4 59. Be1 d3+ 60. Kd2 Kd4 61. Bf2+ Ke4 62. Ba7 g4 63. Bb8 Kd4 64. Bc7 Ke4 65. Bb8 1/2-1/2

[Event "SVK-ch U10"]
[Site "Stara Lubovna"]
[Date "2014.04.10"]
[Round "7"]
[White "Turcan, Richard"]
[Black "Ganz, Marek"]
[Result "0-1"]
[WhiteElo "1000"]
[BlackElo "1093"]
[PlyCount "62"]
[EventDate "2014.04.05"]
[EventType "swiss"]
[EventRounds "9"]
[EventCountry "SVK"]
[SourceTitle "EXT 2016"]
[Source "ChessBase"]
[SourceDate "2015.10.08"]
[SourceVersion "1"]
[SourceVersionDate "2015.10.08"]
[SourceQuality "1"]

1. e4 e5 2. Nf3 Nc6 3. Bb5 Nf6 4. 0-0 Bc5 5. Bxc6 bxc6 6. Nxe5 d6 7. Nxc6 Qd7 8. d4 Bb6 9. d5 Nxe4 10. Re1 Bxf2+ 11. Kh1 Bxe1 12. Qxe1 f5 13. Nc3 0-0 14. Nxe4 fxe4 15. Bf4 Rxf4 16. Qg3 Qf7 17. h3 Bb7 18. Ne7+ Kh8 19. Nc6 Bxc6 20. dxc6 Rf1+ 21. Rxf1 Qxf1+ 22. Kh2 Qe2 23. Qb3 Qf2 24. Qb7 Rg8 25. Qxc7 h6 26. Qd7 e3 27. c7 e2 28. c8Q Rxc8 29. Qxc8+ Kh7 30. Qc3 e1Q 31. Qd3+ Kh8 0-1

[Event "SVK-ch U10"]
[Site "Stara Lubovna"]
[Date "2014.04.08"]
[Round "5"]
[White "Ganz, Marek"]
[Black "Gyerpal, Adrian"]
[Result "0-1"]
[WhiteElo "1093"]
[BlackElo "1232"]
[PlyCount "120"]
[EventDate "2014.04.05"]
[EventType "swiss"]
[EventRounds "9"]
[EventCountry "SVK"]
[SourceTitle "EXT 2016"]
[Source "ChessBase"]
[SourceDate "2015.10.08"]
[SourceVersion "1"]
[SourceVersionDate "2015.10.08"]
[SourceQuality "1"]

1. e4 c5 2. Nf3 Nc6 3. Bc4 g6 4. 0-0 Bg7 5. Nc3 d6 6. h3 Nf6 7. d3 0-0 8. Bg5 Bd7 9. Qd2 Qc7 10. Nd5 Qd8 11. Bh6 Re8 12. Rfe1 Bh8 13. Ng5 e6 14. Nf4 Ne5 15. c3 Nxc4 16. dxc4 Bc6 17. Rad1 Bg7 18. Bxg7 Kxg7 19. Qxd6 Qxd6 20. Rxd6 h6 21. e5 Nd7 22. Ngxe6+ fxe6 23. Nxe6+ Rxe6 24. Rxe6 Kf7 25. Rd6 Nb6 26. e6+ Ke7 27. Rd3 Nxc4 28. b3 Nd6 29. Red1 Nf5 30. Re1 Nh4 31. Rg3 g5 32. f3 Rg8 33. f4 Nf5 34. Rg4 Nh4 35. Kf2 Rg6 36. g3 Bf3 37. Rxh4 gxh4 38. Kxf3 Rxg3+ 39. Kf2 Rxc3 40. f5 Rd3 41. f6+ Ke8 42. f7+ Ke7 43. Kg2 b6 44. Rf1 Rd8 45. Rf3 Rf8 46. Re3 b5 47. Kf2 c4 48. bxc4 bxc4 49. Ke2 Rd8 50. Rf3 c3 51. f8Q+ Rxf8 52. Rxf8 Kxf8 53. Kd3 Ke7 54. Kxc3 Kxe6 55. Kd3 Kf5 56. Ke3 Ke5 57. a3 a6 58. a4 h5 59. a5 Kd5 60. Kd3 Kc5 0-1

[Event "SVK-ch U10"]
[Site "Stara Lubovna"]
[Date "2014.04.05"]
[Round "1"]
[White "Brnusak, Tomas"]
[Black "Ganz, Marek"]
[Result "1-0"]
[WhiteElo "1388"]
[BlackElo "1093"]
[PlyCount "45"]
[EventDate "2014.04.05"]
[EventType "swiss"]
[EventRounds "9"]
[EventCountry "SVK"]
[SourceTitle "EXT 2016"]
[Source "ChessBase"]
[SourceDate "2015.10.08"]
[SourceVersion "1"]
[SourceVersionDate "2015.10.08"]
[SourceQuality "1"]

1. e4 e5 2. Nf3 Nc6 3. d4 exd4 4. Bc4 Bc5 5. c3 dxc3 6. Bxf7+ Kxf7 7. Qd5+ Kf8 8. Qxc5+ d6 9. Qxc3 Nf6 10. Bg5 Nxe4 11. Bxd8 Nxc3 12. Bxc7 Nxb1 13. Rxb1 Ke7 14. Rd1 Bg4 15. Bxd6+ Ke8 16. 0-0 h5 17. Rfe1+ Kf7 18. h3 Be6 19. Ng5+ Kg8 20. Nxe6 Re8 21. Ng5 Rxe1+ 22. Rxe1 Rh6 23. Re8# 1-0